Arrondissements de Lyon - Carte Quiz - Statistiques

Statistiques générales
  • Ce quiz a été pris 157 fois
    134 depuis la dernière actualisation
  • Le résultat moyen est 6 sur 9
Réponses sur la Carte
Les réponses sont colorées sur une échelle allant du rouge au vert en fonction du pourcentage des utilisateurs qui les ont devinées à leur premier essai. Vous pouvez retrouver ces pourcentages ci-dessous.
 
Statistiques - réponses
Réponse % Correct
1er
81%
2ème
77%
8ème
71%
6ème
68%
7ème
67%
3ème
65%
9ème
62%
4ème
57%
5ème
56%
Aucun quiz correspondant
Distribution des résultats
% des personnes avec chaque résultat
Percentile par nombre de réponses
Votre historique - résultats
Vous n’avez pas pris ce quiz depuis la dernière actualisation